Celebrity Reactions to Batffleck Quiz Stats

Quiz Updated Mar 25, 2016

Score 0/22 Timer 07:00
2 Plays Today
% Correct
George Clooney
95.7%
Simon Cowell
92.3%
Matt Damon
90.7%
Ben Affleck
89.4%
Christian Bale
87.1%
Mila Kunis
85.5%
Mr. Bean
84.1%
Superman
83.4%
Pikachu
81.5%
Stephen Colbert
78.1%
Kim Jong-Un
71.6%
% Correct
Luke Skywalker
70.8%
Robin
69.1%
Jennifer Garner
68%
Chris Farley
64.5%
Stan Lee
63.9%
Michael Keaton
63.2%
Kevin Smith
59.2%
Jim Halpert
50.8%
Billy Dee Williams
40.2%
Cersei Lannister
30.6%
Mike Ehrmantraut
23.1%

You're not logged in!

Compare scores with friends on all Sporcle quizzes.
Join for Free
OR
Log In

You Might Also Like...

Show Comments

Extras

Top Quizzes Today


Score Distribution

Your Account Isn't Verified!

In order to create a playlist on Sporcle, you need to verify the email address you used during registration. Go to your Sporcle Settings to finish the process.

Report this User

Report this user for behavior that violates our Community Guidelines.

Details: